书目信息 |
| 题名: |
漫画弗洛伊德
|
|
| 作者: | 福岛章 主编 ;石田修 , 王贺英 绘画 | |
| 分册: | ||
| 出版信息: | 北京 科学技术文献出版社 2003 |
|
| 页数: | 235页 | |
| 开本: | 20cm | |
| 丛书名: | 画说系列 | |
| 单 册: | ||
| 中图分类: | J238.2(313) , B84-065 | |
| 科图分类: | ||
| 主题词: | 漫画--日本--现代--画册 , 漫画 , 心理学 | |
| 电子资源: | ||
| ISBN: | 7-5023-4391-1 | |
| 000 | 01063oam2 2200313 450 | |
| 001 | 1533737726 | |
| 005 | 20150120092246.95 | |
| 010 | @a7-5023-4391-1@dCNY16.00 | |
| 100 | @a20031201d2003 em y0chiy50 ea | |
| 101 | 1 | @achi@cjpn |
| 102 | @aCN@b110000 | |
| 105 | @aa t 000yd | |
| 200 | 1 | @a漫画弗洛伊德@9man hua fu luo yi de@e无意识现象和梦的解析@f[日]福岛章主编@g[日]石田修绘画@g王贺英译 |
| 210 | @a北京@c科学技术文献出版社@d2003 | |
| 215 | @a235页@d20cm | |
| 225 | 2 | @a画说系列 |
| 330 | @a本书以漫画的形式,描绘了20世纪精神分析大师——弗洛伊德的生平与思想。 | |
| 461 | 0 | @12001 @a画说系列 |
| 517 | 1 | @a无意识现象和梦的解析@9wu yi shi xian xiang he meng de jie xi |
| 606 | 0 | @a漫画@y日本@z现代@j画册 |
| 606 | 0 | @a漫画 |
| 606 | 0 | @a心理学 |
| 690 | @aJ238.2(313)@v5 | |
| 690 | @aB84-065@v4 | |
| 701 | 0 | @c(日)@a福岛章@9fu dao zhang@c(医学博士,@f1936~)@4主编 |
| 702 | 0 | @c(日)@a石田修@9shi tian xiu@c(漫画家,@f1951~)@4绘画 |
| 702 | 0 | @a王贺英@9wang he ying@c(翻译)@4译 |
| 801 | 0 | @aCN@bTSSF@c20150120 |
| 905 | @aZUCC@dB84-065@eJY208 | |
| 漫画弗洛伊德:无意识现象和梦的解析/[日]福岛章主编/[日]石田修绘画/王贺英译.-北京:科学技术文献出版社,2003 |
| 235页;20cm.-(画说系列) |
| ISBN 7-5023-4391-1:CNY16.00 |
| 本书以漫画的形式,描绘了20世纪精神分析大师——弗洛伊德的生平与思想。 |
| ● |
| 相关链接 |
|
|
|
|
正题名:漫画弗洛伊德
索取号:B84-065/JY208
 
预约/预借
| 序号 | 登录号 | 条形码 | 馆藏地/架位号 | 状态 | 备注 |
| 1 | 7836204 | 278362040 | 学院路分馆/ [索取号:B84-065/JY208] | 在馆 |